| 000 | 00551nam a2200193Ia 4500 | ||
|---|---|---|---|
| 003 | GCL | ||
| 008 | 140319s9999 xx 000 0 ara d | ||
| 040 |
_aGCL / _cGCL |
||
| 082 | 0 | 4 |
_a336 _bع م |
| 100 | 1 | _aعبدالمنعم فوزى | |
| 245 | 1 | 0 |
_aالمالية العامة والسياسة المالية / _cعبدالمنعم فوزى |
| 300 | _a559 ص | ||
| 490 | _a | ||
| 650 | 0 | 4 | _aالسياسة المالية |
| 650 | 0 | 4 | _aالضرائب |
| 650 | 0 | 4 | _aالميزانية |
| 650 | 0 | 4 | _aالمالية العامة |
| 942 |
_2ddc _cBK |
||
| 999 |
_c46169 _d46169 |
||